Visual Basic 2008: grafické transformácie a ich optimalizácie praktické cvičenia

Saved in:
Bibliographic Details
Main Author: Hanák, Ján
Format: Book
Language:Slovak
Published: Slovensko Microsoft Corporation 2008
Subjects:
Tags: Add Tag
No Tags, Be the first to tag this record!

MARC

LEADER 00000nam$a2200000$$$4500
001 0082452
005 20240502071927.2
041 0 |a slo 
044 |a SK 
245 1 0 |a Visual Basic 2008: grafické transformácie a ich optimalizácie  |b praktické cvičenia  |c Ján Hanák 
264 1 |a Slovensko  |b Microsoft Corporation  |c 2008 
300 |e tlačená forma 
610 2 0 |a grafika počítačová 
610 2 0 |a počítače 
610 2 0 |a využitie počítačov 
610 2 0 |a softvér 
610 2 0 |a Visual Basic 2008 
100 1 |a Hanák, Ján